Cooperador Paulino-Comunicacion social y pastoral N. 54 1989 (Record n. 76278)
[ formato base ]
| 000 -LEADER | |
|---|---|
| fixed length control field | 00971nam a2200301Ia 4500 |
| 001 - CONTROL NUMBER | |
| control field | 88864 |
| 003 - CONTROL NUMBER IDENTIFIER | |
| control field | IT-RoPAU |
| 008 - FIXED-LENGTH DATA ELEMENTS--GENERAL INFORMATION | |
| fixed length control field | 130308s9999 xx 000 0 und d |
| 040 ## - CATALOGING SOURCE | |
| Original cataloging agency | IT-RoPAU |
| 040 ## - CATALOGING SOURCE | |
| Transcribing agency | IT-RoPAU |
| 041 ## - LANGUAGE CODE | |
| Language code of text/sound track or separate title | SPAGNOLO |
| 999 ## - SYSTEM CONTROL NUMBERS (KOHA) | |
| Koha Dewey Subclass [OBSOLETE] | SI |
| 100 ## - MAIN ENTRY--PERSONAL NAME | |
| Personal name | AA.VV. |
| 100 ## - MAIN ENTRY--PERSONAL NAME | |
| Miscellaneous information | Codice Aut. SPICS: 12000 |
| 245 ## - TITLE STATEMENT | |
| Title | Cooperador Paulino-Comunicacion social y pastoral N. 54 1989 |
| 245 ## - TITLE STATEMENT | |
| Remainder of title | Cooperador Paulino-Comunicacion Social Y pastoral N. 54 1989 |
| 250 ## - EDITION STATEMENT | |
| Edition statement | 1a ed. |
| 260 ## - PUBLICATION, DISTRIBUTION, ETC. (IMPRINT) | |
| Place of publication, distribution, etc. | MADRID |
| 260 ## - PUBLICATION, DISTRIBUTION, ETC. (IMPRINT) | |
| Name of publisher, distributor, etc. | Ediciones Paulinas |
| 260 ## - PUBLICATION, DISTRIBUTION, ETC. (IMPRINT) | |
| Date of publication, distribution, etc. | 1989 [1° Ed.:1989 - Ed.Ling.Originale:1989] |
| 300 ## - PHYSICAL DESCRIPTION | |
| Extent | "52 p. (prefazione: no ; testo: 52 [pagine: 0-0])" |
| 500 ## - GENERAL NOTE | |
| General note | Cooperatore Paolino Comunicazione Sociale e Pastorale contributi di Autori vari Beato Timoteo Giaccardo da Alba All'Evangelizzazione del Mondo |
| 650 ## - SUBJECT ADDED ENTRY--TOPICAL TERM | |
| Topical term or geographic name as entry element | AUTORI/OPERE FAMIGLIA PAOLINA |
| 650 ## - SUBJECT ADDED ENTRY--TOPICAL TERM | |
| Relator term | Codice materia Spics: 9903 |
| 942 ## - ADDED ENTRY ELEMENTS (KOHA) | |
| Koha item type | LIBRO |
| 957 ## - | |
| -- | 1 |
| 999 ## - SYSTEM CONTROL NUMBERS (KOHA) | |
| -- | 1 |
| Withdrawn status | Lost status | Damaged status | Not for loan | Home library | Current library | Date acquired | Total Checkouts | Full call number | Date last seen | Price effective from | Koha item type | Public note |
|---|---|---|---|---|---|---|---|---|---|---|---|---|
| Buone Condizioni | Not For Loan | SPICS-MEDIATECA | SPICS-MEDIATECA | 08/03/2013 | 88864 | 08/03/2013 | 08/03/2013 | LIBRO | Progressivo inserimento: 60373 / N. Volumi: 1 Copie: 1 Copia Rara: SI / data import: 1 marzo 2013 - By Epidotti, Trombetti, Vaglietti. |